Music Quiz

Random Music or Bands Quiz

What's That Band's Greatest Song? Quiz Stats

 Plays Quiz Updated Mar 13, 2015

Challenge
Share
Tweet
Embed
Score 0/34 Timer 09:00
0 Plays Today
Hint Answer % Correct
EaglesHotel California
80.4%
NirvanaSmells Like Teen Spirit
78.6%
QueenBohemian Rhapsody
78.4%
Led ZeppelinStairway to Heaven
74.5%
ABBADancing Queen
68.5%
Guns N' RosesSweet Child O' Mine
63.5%
Bee GeesStayin' Alive
61.5%
AC/DCBack In Black
59.9%
Lynyrd SkynyrdFree Bird
58.3%
R.E.MLosing My Religion
57.6%
The BeatlesHey Jude
56.4%
EurythmicsSweet Dreams (Are Made of This)
56.3%
MetallicaEnter Sandman
56.2%
The Rolling Stones(I Can't Get No) Satisfaction
54.4%
The DoorsLight My Fire
53.2%
Simon & GarfunkelBridge Over Troubled Water
52.7%
The PoliceEvery Breath You Take
51.1%
Hint Answer % Correct
U2One
49.7%
The AnimalsThe House of the Rising Sun
49.6%
The ClashLondon Calling
49.5%
The Jimi Hendrix ExperiencePurple Haze
48%
SteppenwolfBorn to be Wild
46.9%
BlondieHeart Of Glass
43.1%
The WhoMy Generation
42.4%
The Beach BoysGood Vibrations
39.6%
Pink FloydComfortably Numb
35.6%
Fleetwood MacGo Your Own Way
33.5%
Creedence Clearwater RevivalFortunate Son
31.7%
The Jackson 5I Want You Back
30.9%
The BandThe Weight
30.2%
The Righteous BrothersYou've Lost That Lovin' Feelin'
27.1%
RadioheadParanoid Android
21.3%
The RonettesBe My Baby
20.6%
The KinksWaterloo Sunset
16.9%

You're not logged in!

Compare scores with friends on all Sporcle quizzes.
OR
Log In

You Might Also Like...

Show Comments

Extras

Top Quizzes Today


Score Distribution

Your Account Isn't Verified!

In order to create a playlist on Sporcle, you need to verify the email address you used during registration. Go to your Sporcle Settings to finish the process.

Report this User

Report this user for behavior that violates our Community Guidelines.

Details: